[Event "CAN-ch"]
[Site "Hamilton CAN"]
[Date "1994.??.??"]
[Round "4"]
[White "Berry, Jonathan"]
[Black "Lesiege, Alexandre"]
[Result "1/2-1/2"]
[WhiteElo "2285"]
[BlackElo "2460"]
[WhiteFideId "-1"]
[WhiteFideId "-1"]
[PlyCount "52"]
[GameId "2160767912140459"]
[EventDate "1994.08.12"]
[EventType "tourn"]
[EventRounds "15"]
[EventCountry "CAN"]
[SourceTitle "EXT 1997"]
[Source "ChessBase"]
[SourceDate "1996.11.15"]
[SourceVersion "1"]
[SourceVersionDate "1996.11.15"]
[SourceQuality "1"]

1. d4 d5 2. Nf3 c6 3. c4 e6 4. e3 Nf6 5. Nc3 Nbd7 6. Qc2 Bd6 7. Be2 O-O 8. O-O Qe7 9. b3 b6 10. e4 Nxe4 11. Nxe4 dxe4 12. Qxe4 Bb7 13. Bf4 Bxf4 14. Qxf4 c5 15. Qc7 Bxf3 16. Bxf3 Rac8 17. Qf4 Qf6 18. Qxf6 Nxf6 19. Rfd1 Rfd8 20. dxc5 bxc5 21. Kf1 Kf8 22. Ke1 Ke7 23. Rxd8 Rxd8 24. Rd1 Rxd1+ 25. Kxd1 e5 26. Kd2 Kd6 1/2-1/2

[Event "CAN-ch"]
[Site "Hamilton CAN"]
[Date "1994.??.??"]
[Round "5"]
[White "Lesiege, Alexandre"]
[Black "Baragar, Fletcher"]
[Result "1-0"]
[WhiteElo "2460"]
[BlackElo "2285"]
[WhiteFideId "-1"]
[WhiteFideId "-1"]
[PlyCount "93"]
[GameId "2160767912140470"]
[EventDate "1994.08.12"]
[EventType "tourn"]
[EventRounds "15"]
[EventCountry "CAN"]
[SourceTitle "EXT 1997"]
[Source "ChessBase"]
[SourceDate "1996.11.15"]
[SourceVersion "1"]
[SourceVersionDate "1996.11.15"]
[SourceQuality "1"]

1. d4 Nf6 2. c4 e6 3. Nc3 Bb4 4. e3 O-O 5. Bd3 d5 6. Nf3 c5 7. O-O Nc6 8. a3 Bxc3 9. bxc3 dxc4 10. Bxc4 Qc7 11. Ba2 e5 12. h3 e4 13. Nh2 b6 14. Qe2 Bb7 15. Bb2 cxd4 16. cxd4 Ne7 17. Ng4 Ned5 18. Nxf6+ Nxf6 19. d5 Qd6 20. f4 Rfd8 21. Be5 Qxa3 22. d6 Qd3 23. Qf2 Rxd6 24. Bxd6 Qxd6 25. Rfd1 Qe7 26. Rac1 Re8 27. g4 Ba6 28. g5 Nh5 29. Rc3 g6 30. Rdc1 Rd8 31. Rc7 Rd7 32. Qc2 Ng3 33. Rxd7 Qxd7 34. Qc7 Qe8 35. Rc6 Nf5 36. Rf6 Ne7 37. Rxf7 Qxf7 38. Bxf7+ Kxf7 39. Qxa7 Bc8 40. Kg2 b5 41. Qd4 Bf5 42. Qe5 b4 43. Qb5 Ng8 44. Qb7+ Kf8 45. Qxb4+ Ne7 46. Qb8+ Kg7 47. Qe5+ 1-0

[Event "CAN-ch"]
[Site "Hamilton CAN"]
[Date "1994.??.??"]
[Round "6"]
[White "Hamilton, Robert"]
[Black "Lesiege, Alexandre"]
[Result "0-1"]
[WhiteElo "2330"]
[BlackElo "2460"]
[WhiteFideId "-1"]
[WhiteFideId "-1"]
[PlyCount "84"]
[GameId "2160767912140480"]
[EventDate "1994.08.12"]
[EventType "tourn"]
[EventRounds "15"]
[EventCountry "CAN"]
[SourceTitle "EXT 1997"]
[Source "ChessBase"]
[SourceDate "1996.11.15"]
[SourceVersion "1"]
[SourceVersionDate "1996.11.15"]
[SourceQuality "1"]

1. d4 d5 2. Bg5 c6 3. e3 h6 4. Bh4 Qb6 5. Qc1 Bf5 6. Nf3 Nd7 7. c4 Ngf6 8. Nc3 e6 9. Be2 Be7 10. O-O O-O 11. Ne5 Rfe8 12. Nxd7 Nxd7 13. Bg3 a6 14. Rd1 Qa7 15. Qd2 dxc4 16. a4 Rad8 17. e4 Bg6 18. Bxc4 Nf6 19. Qe3 Rd7 20. h3 Bb4 21. Be5 Bxc3 22. bxc3 Nxe4 23. h4 Nd6 24. Be2 Nf5 25. Qh3 f6 26. Bf4 Red8 27. Bd3 c5 28. h5 Bf7 29. Bxf5 exf5 30. Be3 f4 31. Bxf4 cxd4 32. cxd4 Rxd4 33. Qf3 Qc5 34. g4 Bd5 35. Qg3 Bc6 36. Qb3+ Kh8 37. Bg3 Qe7 38. Re1 Re4 39. f3 Re2 40. Rf1 Rdd2 41. Qc4 Bxf3 42. Qc8+ Rd8 0-1

[Event "CAN-ch"]
[Site "Hamilton CAN"]
[Date "1994.??.??"]
[Round "7"]
[White "Lesiege, Alexandre"]
[Black "Day, Lawrence"]
[Result "1/2-1/2"]
[WhiteElo "2460"]
[BlackElo "2370"]
[WhiteFideId "-1"]
[WhiteFideId "-1"]
[PlyCount "96"]
[GameId "2160767912140486"]
[EventDate "1994.08.12"]
[EventType "tourn"]
[EventRounds "15"]
[EventCountry "CAN"]
[SourceTitle "EXT 1997"]
[Source "ChessBase"]
[SourceDate "1996.11.15"]
[SourceVersion "1"]
[SourceVersionDate "1996.11.15"]
[SourceQuality "1"]

1. d4 d6 2. c4 Nf6 3. Nc3 Bf5 4. g3 c6 5. Bg2 e5 6. e4 Be6 7. d5 cxd5 8. exd5 Bf5 9. Nge2 Qc8 10. b3 Na6 11. O-O Be7 12. Ba3 Nc5 13. f4 exf4 14. gxf4 Bh3 15. Ng3 Bxg2 16. Kxg2 O-O 17. f5 Re8 18. Qf3 a6 19. Bxc5 Qxc5 20. Nce4 Qa3 21. Kh1 Kh8 22. Rf2 b5 23. Re2 bxc4 24. Rae1 Bf8 25. Nxf6 Rxe2 26. Qxe2 cxb3 27. Nfe4 b2 28. Ng5 h6 29. Nxf7+ Kh7 30. f6 Qxa2 31. Qe4+ g6 32. Rg1 Rb8 33. Rb1 Rc8 34. Ne2 a5 35. Rg1 b1=Q 36. Qxb1 Qxb1 37. Rxb1 Kg8 38. Rb7 a4 39. Ra7 a3 40. Nxh6+ Bxh6 41. Rxa3 Kf7 42. Rf3 Rc5 43. Nc3 Bd2 44. Ne4 Rxd5 45. Rb3 Bf4 46. Rb7+ Kf8 47. Rb8+ Kf7 48. Rb7+ Kf8 1/2-1/2

[Event "CAN-ch"]
[Site "Hamilton CAN"]
[Date "1994.??.??"]
[Round "9"]
[White "Lesiege, Alexandre"]
[Black "Spraggett, Kevin"]
[Result "1/2-1/2"]
[WhiteElo "2460"]
[BlackElo "2530"]
[WhiteFideId "-1"]
[WhiteFideId "-1"]
[PlyCount "120"]
[GameId "2160767912140504"]
[EventDate "1994.08.12"]
[EventType "tourn"]
[EventRounds "15"]
[EventCountry "CAN"]
[SourceTitle "EXT 1997"]
[Source "ChessBase"]
[SourceDate "1996.11.15"]
[SourceVersion "1"]
[SourceVersionDate "1996.11.15"]
[SourceQuality "1"]

1. d4 Nf6 2. c4 e6 3. Nc3 Bb4 4. e3 O-O 5. Bd3 c5 6. Nf3 d5 7. O-O dxc4 8. Bxc4 Nbd7 9. Qe2 b6 10. Bd2 cxd4 11. exd4 Bb7 12. Bd3 Re8 13. Rfe1 Bxc3 14. bxc3 Qc7 15. c4 Rac8 16. Rac1 Bxf3 17. Qxf3 e5 18. d5 Qd6 19. Bf1 Nc5 20. Rc3 Nfd7 21. Qh5 Qg6 22. Qxg6 hxg6 23. Ra3 Rc7 24. f4 f6 25. g4 Kf7 26. g5 a5 27. gxf6 gxf6 28. Rh3 Kg7 29. Bc3 e4 30. Bd4 Nb7 31. Rb1 Nbc5 32. Re1 Nb7 33. Rb3 Nbc5 34. Rg3 Kf7 35. Rh3 Rg8 36. Bg2 Rcc8 37. Bf1 Rh8 38. Rxh8 Rxh8 39. Bg2 Rc8 40. Bf1 f5 41. Kf2 Nf6 42. Rb1 Ng4+ 43. Kg3 Nd3 44. Bxb6 Rxc4 45. Bxa5 Ne3 46. Rb7+ Kf8 47. Bxd3 exd3 48. d6 Rd4 49. d7 d2 50. Bb4+ Kg8 51. Bxd2 Rxd2 52. Kh4 Kf8 53. Rb8+ Ke7 54. d8=Q+ Rxd8 55. Rxd8 Kxd8 56. Kg5 Ng2 57. Kxg6 Nxf4+ 58. Kxf5 Ng2 59. Kg4 Kd7 60. Kg3 Ne3 1/2-1/2

[Event "CAN-ch"]
[Site "Hamilton CAN"]
[Date "1994.??.??"]
[Round "10"]
[White "O'Donnell, Tom"]
[Black "Lesiege, Alexandre"]
[Result "1/2-1/2"]
[WhiteElo "2410"]
[BlackElo "2460"]
[WhiteFideId "-1"]
[WhiteFideId "-1"]
[PlyCount "100"]
[GameId "2160767912140519"]
[EventDate "1994.08.12"]
[EventType "tourn"]
[EventRounds "15"]
[EventCountry "CAN"]
[SourceTitle "EXT 1997"]
[Source "ChessBase"]
[SourceDate "1996.11.15"]
[SourceVersion "1"]
[SourceVersionDate "1996.11.15"]
[SourceQuality "1"]

1. e4 c5 2. g3 Nc6 3. Bg2 g6 4. f4 Bg7 5. Nf3 d6 6. O-O e5 7. d3 Nge7 8. Nc3 O-O 9. Be3 Nd4 10. Qd2 Bg4 11. fxe5 dxe5 12. Kh1 Qd7 13. Ng1 Be6 14. Rf2 c4 15. dxc4 Bxc4 16. b3 Be6 17. Na4 Qc7 18. c4 Rad8 19. Qb2 f5 20. Raf1 a6 21. Nc3 b5 22. Nd5 Bxd5 23. cxd5 Qd6 24. Ne2 fxe4 25. Rxf8+ Rxf8 26. Rxf8+ Kxf8 27. Nxd4 exd4 28. Bxd4 Bxd4 29. Qxd4 Qxd5 30. Qxd5 Nxd5 31. Bxe4 Nc3 32. Bb7 a5 33. a3 Nb1 34. a4 bxa4 35. bxa4 Nc3 36. Bc6 Ke7 37. Kg2 Kd6 38. Be8 Ke7 39. Bc6 Kd6 40. Be8 Kc5 41. h4 Kb4 42. g4 Nxa4 43. Bxg6 hxg6 44. h5 gxh5 45. gxh5 Nc5 46. h6 Ne6 47. h7 Nf4+ 48. Kg3 Ng6 49. Kg4 a4 50. Kg5 Nh8 1/2-1/2

[Event "CAN-ch"]
[Site "Hamilton CAN"]
[Date "1994.??.??"]
[Round "12"]
[White "Lesiege, Alexandre"]
[Black "Piasetski, Leon"]
[Result "1-0"]
[WhiteElo "2460"]
[BlackElo "2365"]
[WhiteFideId "-1"]
[WhiteFideId "-1"]
[PlyCount "79"]
[GameId "2160767912140534"]
[EventDate "1994.08.12"]
[EventType "tourn"]
[EventRounds "15"]
[EventCountry "CAN"]
[SourceTitle "EXT 1997"]
[Source "ChessBase"]
[SourceDate "1996.11.15"]
[SourceVersion "1"]
[SourceVersionDate "1996.11.15"]
[SourceQuality "1"]

1. d4 Nf6 2. c4 Nc6 3. Nf3 e6 4. g3 Bb4+ 5. Bd2 Qe7 6. Nc3 O-O 7. Bg2 a5 8. O-O d6 9. Rc1 h6 10. d5 Nb8 11. Ne1 e5 12. e4 Na6 13. a3 Bxc3 14. Bxc3 Nc5 15. Qe2 Nb3 16. Rd1 a4 17. Nd3 Bg4 18. f3 Bh5 19. Rde1 Nd7 20. Qc2 c5 21. f4 f6 22. Nf2 Nd4 23. Qd3 Rfb8 24. Re3 Nf8 25. f5 b5 26. g4 Be8 27. h4 bxc4 28. Qd2 Nh7 29. Rg3 Rb3 30. Nh3 Rab8 31. Kh1 R8b7 32. Rg1 Qd8 33. Bf1 Qb8 34. g5 fxg5 35. hxg5 hxg5 36. Nxg5 Rxb2 37. Bxb2 Rxb2 38. Nxh7 Rxd2 39. Rxg7+ Kh8 40. Nf6 1-0

[Event "CAN-ch"]
[Site "Hamilton CAN"]
[Date "1994.??.??"]
[Round "13"]
[White "Spraggett, Grant"]
[Black "Lesiege, Alexandre"]
[Result "1/2-1/2"]
[WhiteElo "2320"]
[BlackElo "2460"]
[WhiteFideId "-1"]
[WhiteFideId "-1"]
[PlyCount "76"]
[GameId "2160767912140547"]
[EventDate "1994.08.12"]
[EventType "tourn"]
[EventRounds "15"]
[EventCountry "CAN"]
[SourceTitle "EXT 1997"]
[Source "ChessBase"]
[SourceDate "1996.11.15"]
[SourceVersion "1"]
[SourceVersionDate "1996.11.15"]
[SourceQuality "1"]

1. c4 c5 2. g3 g6 3. Bg2 Bg7 4. e3 Nc6 5. Ne2 e5 6. Nbc3 Nge7 7. O-O O-O 8. b3 d6 9. Bb2 Rb8 10. d3 b6 11. Qd2 Bb7 12. f4 Qd7 13. Rae1 f5 14. Kh1 Nb4 15. e4 Rbe8 16. a3 Nbc6 17. Nd5 Nxd5 18. exd5 Nd4 19. Nxd4 exd4 20. Bc1 Bc8 21. Bf3 Rf7 22. Rxe8+ Qxe8 23. Re1 Re7 24. Rxe7 Qxe7 25. Qe2 Qd7 26. a4 Kf7 27. Kg1 a6 28. Kf2 Qb7 29. Qa2 Bd7 30. Qe2 Qb8 31. Qa2 Bf6 32. Bd1 Qe8 33. Qe2 Qb8 34. Qa2 Qb7 35. Bf3 Qb8 36. Bd1 Qd8 37. Qe2 Kg7 38. Qd2 a5 1/2-1/2

[Event "CAN-ch"]
[Site "Hamilton CAN"]
[Date "1994.??.??"]
[Round "14"]
[White "Lesiege, Alexandre"]
[Black "Hergott, Deen"]
[Result "1/2-1/2"]
[WhiteElo "2460"]
[BlackElo "2430"]
[WhiteFideId "-1"]
[WhiteFideId "-1"]
[PlyCount "43"]
[GameId "2160767912140551"]
[EventDate "1994.08.12"]
[EventType "tourn"]
[EventRounds "15"]
[EventCountry "CAN"]
[SourceTitle "EXT 1997"]
[Source "ChessBase"]
[SourceDate "1996.11.15"]
[SourceVersion "1"]
[SourceVersionDate "1996.11.15"]
[SourceQuality "1"]

1. c4 e5 2. Nc3 Nc6 3. e3 Nf6 4. Nf3 Bb4 5. Qc2 O-O 6. d3 a5 7. a3 Bxc3+ 8. Qxc3 Qe7 9. Be2 a4 10. O-O d6 11. Bd2 Bg4 12. Rae1 e4 13. Nd4 Bxe2 14. Rxe2 exd3 15. Qxd3 Qe4 16. Qxe4 Nxe4 17. Nb5 Nxd2 18. Rxd2 Rfc8 19. Rfd1 b6 20. Kf1 Ne5 21. Rc1 Ra5 22. Ke2 1/2-1/2

[Event "CAN-ch"]
[Site "Hamilton CAN"]
[Date "1994.??.??"]
[Round "15"]
[White "Nickoloff, Bryon"]
[Black "Lesiege, Alexandre"]
[Result "1-0"]
[WhiteElo "2390"]
[BlackElo "2460"]
[WhiteFideId "-1"]
[WhiteFideId "-1"]
[PlyCount "81"]
[GameId "2160767912197907"]
[EventDate "1994.08.12"]
[EventType "tourn"]
[EventRounds "15"]
[EventCountry "CAN"]
[SourceTitle "EXT 1997"]
[Source "ChessBase"]
[SourceDate "1996.11.15"]
[SourceVersion "1"]
[SourceVersionDate "1996.11.15"]
[SourceQuality "1"]

1. d4 d5 2. c4 dxc4 3. e3 Nf6 4. Bxc4 e6 5. Nf3 c5 6. O-O a6 7. Qe2 b5 8. Bb3 Bb7 9. Rd1 Nbd7 10. e4 cxd4 11. e5 Bxf3 12. gxf3 Ng8 13. Rxd4 Ne7 14. Nc3 Nf5 15. Rd1 Bc5 16. Ne4 Qb6 17. Bf4 Rd8 18. Bg5 Be7 19. Nd6+ Nxd6 20. Bxe7 Kxe7 21. Rxd6 Qc5 22. f4 Nb6 23. Rad1 Rxd6 24. exd6+ Kf6 25. Qe4 Nc4 26. Bxc4 bxc4 27. d7 Ke7 28. Qxh7 Qf5 29. Qxg7 Qxf4 30. Qg3 Qxg3+ 31. fxg3 Rb8 32. d8=Q+ Rxd8 33. Rxd8 Kxd8 34. Kf2 Ke7 35. Ke3 e5 36. Ke4 Kf6 37. g4 Ke6 38. g5 a5 39. h4 a4 40. a3 Kd6 41. h5 1-0

[Event "North Bay int."]
[Site "North Bay CAN"]
[Date "1994.??.??"]
[Round "?"]
[White "Lesiege, Alexandre"]
[Black "Ghannoum, Marc"]
[Result "1-0"]
[WhiteElo "2460"]
[BlackElo "2200"]
[WhiteFideId "-1"]
[WhiteFideId "-1"]
[PlyCount "121"]
[GameId "2160767912197965"]
[EventDate "1994.08.04"]
[EventType "swiss"]
[EventRounds "8"]
[EventCountry "CAN"]
[SourceTitle "EXT 94op"]

1. d4 f5 2. g3 Nf6 3. Bg2 e6 4. Nf3 Be7 5. c4 O-O 6. d5 Na6 7. O-O Ne4 8. Nbd2 Nxd2 9. Bxd2 Bf6 10. Qc2 d6 11. dxe6 Bxe6 12. Bc3 Nc5 13. Rad1 Bxc3 14. Qxc3 Qf6 15. Qc2 Rae8 16. e3 Bd7 17. Nd4 a6 18. Ne2 Ne4 19. c5 Nxc5 20. b4 Ne4 21. Qxc7 Bb5 22. Bf3 Qb2 23. Rfe1 Qxb4 24. Qxb7 Kh8 25. Nf4 Qb2 26. Bxe4 fxe4 27. h4 Qxa2 28. Rxd6 Qf7 29. Qb6 Qf5 30. Red1 Qg4 31. Qd4 Qf5 32. Rh6 Kg8 33. Rh5 Qf6 34. Qd2 Rd8 35. Rd5 Rxd5 36. Qxd5+ Kh8 37. Qxe4 Bc6 38. Qd4 Qxd4 39. exd4 Rd8 40. d5 Kg8 41. Kg2 Kf7 42. Kf3 h6 43. h5 Kf6 44. Ke4 Bd7 45. Ra1 Ra8 46. d6 Ra7 47. Ra5 Bb5 48. Nd5+ Kf7 49. Nc7 Rb7 50. Nxb5 Rxb5 51. Rxa6 Rxh5 52. Ra7+ Ke6 53. Rxg7 Kxd6 54. g4 Rh2 55. f4 Ke6 56. Rg6+ Kf7 57. Kf5 Rh4 58. Ra6 Kg7 59. Ra7+ Kg8 60. Rb7 Kh8 61. g5 1-0

[Event "North Bay int."]
[Site "North Bay CAN"]
[Date "1994.??.??"]
[Round "?"]
[White "Lesiege, Alexandre"]
[Black "Rozentalis, Eduardas"]
[Result "0-1"]
[WhiteElo "2460"]
[BlackElo "2595"]
[WhiteFideId "-1"]
[WhiteFideId "-1"]
[PlyCount "134"]
[GameId "2160767912197967"]
[EventDate "1994.08.04"]
[EventType "swiss"]
[EventRounds "8"]
[EventCountry "CAN"]
[SourceTitle "EXT 94op"]

1. d4 e6 2. c4 Nf6 3. Nc3 Bb4 4. e3 O-O 5. Bd3 c5 6. Nf3 d5 7. O-O cxd4 8. exd4 dxc4 9. Bxc4 b6 10. Bg5 Bxc3 11. bxc3 Nbd7 12. Bd3 Bb7 13. c4 Qc7 14. Re1 Rac8 15. Rc1 h6 16. Bd2 Rfd8 17. Qe2 Qd6 18. Bc3 Qf4 19. Qe3 Qxe3 20. fxe3 Ne4 21. Bb4 Rc7 22. c5 a5 23. Ba3 bxc5 24. Bxe4 Bxe4 25. Nd2 Bd3 26. dxc5 Ne5 27. Rc3 Ba6 28. Nf3 Nc6 29. Rb1 e5 30. Kf2 f6 31. e4 Bd3 32. Re1 Rcd7 33. Bc1 Bb5 34. a3 Ne7 35. Rb3 Bc6 36. Rc3 a4 37. Bb2 Ng6 38. g3 Nf8 39. Rce3 Ne6 40. Rc3 Rb8 41. Bc1 Rb3 42. Rc4 Rb5 43. Re3 Nxc5 44. Nd2 Bb7 45. Rec3 Rxd2+ 46. Bxd2 Nxe4+ 47. Rxe4 Bxe4 48. Rc4 Rb2 49. Ke3 Bc2 50. Rc8+ Kh7 51. Rc7 Bf5 52. Bb4 Kg8 53. h4 h5 54. Rc1 Bg4 55. Ke4 Re2+ 56. Kd5 Rg2 57. Rc3 Kf7 58. Kc6 Kg6 59. Rd3 e4 60. Re3 Bf3 61. Bd6 Rb2 62. Kd7 Kf5 63. Ke7 Rb7+ 64. Kf8 Rd7 65. Bb4 Kg4 66. Be1 g5 67. Ke8 Rb7 0-1

[Event "Quebec-ch semi-rapide"]
[Site "Montreal CAN"]
[Date "1994.07.31"]
[Round "4"]
[White "Hebert, Jean"]
[Black "Lesiege, Alexandre"]
[Result "1/2-1/2"]
[WhiteElo "2434"]
[BlackElo "2338"]
[WhiteFideId "-1"]
[WhiteFideId "-1"]
[PlyCount "81"]
[GameId "2160767912198087"]
[EventDate "1994.07.31"]
[EventType "swiss (rapid)"]
[EventRounds "6"]
[EventCountry "CAN"]

1. g3 g6 2. Bg2 Bg7 3. e4 c5 4. d3 Nc6 5. f4 d6 6. Nf3 e5 7. O-O Nge7 8. c3 O-O 9. Be3 b6 10. Na3 h6 11. Qd2 Kh7 12. Rae1 exf4 13. gxf4 d5 14. Rd1 dxe4 15. dxe4 Ba6 16. Rf2 Qxd2 17. Rfxd2 Rad8 18. Bf1 Bxf1 19. Kxf1 f5 20. e5 Rxd2 21. Rxd2 Rd8 22. Rxd8 Nxd8 23. c4 Ne6 24. Nb5 Nc6 25. h4 g5 26. hxg5 hxg5 27. fxg5 f4 28. Bd2 a6 29. Nc3 Nxe5 30. Nxe5 Bxe5 31. Nd5 b5 32. b4 cxb4 33. cxb5 axb5 34. Bxb4 Kg6 35. a4 bxa4 36. Nb6 Kxg5 37. Nxa4 f3 38. Nc5 Ng7 39. Nd3 Bd4 40. Ne1 f2 41. Nd3 1/2-1/2

[Event "Quebec op"]
[Site "Montreal CAN"]
[Date "1994.07.23"]
[Round "1"]
[White "Lesiege, Alexandre"]
[Black "Lebeau, Gilbert"]
[Result "1-0"]
[WhiteElo "2490"]
[BlackElo "1896"]
[WhiteFideId "-1"]
[WhiteFideId "-1"]
[PlyCount "67"]
[GameId "2160767912198113"]
[EventDate "1994.07.23"]
[EventType "swiss"]
[EventRounds "8"]
[EventCountry "CAN"]
[SourceTitle "EXT 94op"]

1. d4 Nf6 2. c4 e6 3. Nc3 d5 4. Bg5 Be7 5. e3 Nbd7 6. Nf3 c5 7. cxd5 exd5 8. Bb5 O-O 9. Bxd7 Bxd7 10. dxc5 Qa5 11. O-O Qxc5 12. Nxd5 Nxd5 13. Bxe7 Qxe7 14. Qxd5 Bc6 15. Qe5 Rfe8 16. Qxe7 Rxe7 17. Nd4 Bd5 18. Rfc1 b6 19. Rc3 Bb7 20. f3 Rae8 21. Kf2 g6 22. g4 Kg7 23. Rac1 Re5 24. Rc7 R8e7 25. e4 a6 26. a4 Kf8 27. Ke3 f6 28. h4 h6 29. h5 gxh5 30. gxh5 a5 31. Nf5 Rxc7 32. Rxc7 Ba8 33. Nxh6 Bd5 34. Ng4 1-0

[Event "Quebec op"]
[Site "Montreal CAN"]
[Date "1994.07.24"]
[Round "2"]
[White "Lafortune, Normand"]
[Black "Lesiege, Alexandre"]
[Result "0-1"]
[WhiteElo "2103"]
[BlackElo "2490"]
[WhiteFideId "-1"]
[WhiteFideId "-1"]
[PlyCount "52"]
[GameId "2160767912198132"]
[EventDate "1994.07.23"]
[EventType "swiss"]
[EventRounds "8"]
[EventCountry "CAN"]
[SourceTitle "EXT 94op"]

1. e4 c5 2. Nf3 d6 3. d4 cxd4 4. Nxd4 Nf6 5. Nc3 a6 6. Bc4 e6 7. Bb3 b5 8. f4 Bb7 9. f5 e5 10. Nf3 Be7 11. Ng5 O-O 12. Nd5 Nbd7 13. h4 Bxd5 14. Bxd5 Nxd5 15. exd5 Nf6 16. Be3 Rc8 17. Qd3 Qc7 18. c3 b4 19. Rc1 bxc3 20. O-O Qb7 21. bxc3 Qxd5 22. Qxd5 Nxd5 23. Bd2 Rc4 24. g3 h6 25. Nh3 Rfc8 26. Nf2 Nxc3 0-1

[Event "Quebec op"]
[Site "Montreal CAN"]
[Date "1994.07.25"]
[Round "3"]
[White "Lesiege, Alexandre"]
[Black "O'Donnell, Tom"]
[Result "1-0"]
[WhiteElo "2490"]
[BlackElo "2405"]
[WhiteFideId "-1"]
[WhiteFideId "-1"]
[PlyCount "51"]
[GameId "2160767912202246"]
[EventDate "1994.07.23"]
[EventType "swiss"]
[EventRounds "8"]
[EventCountry "CAN"]
[SourceTitle "EXT 94op"]

1. d4 d5 2. c4 e6 3. Nc3 c6 4. e4 Bb4 5. e5 Ne7 6. Nf3 b6 7. Bd2 Ba6 8. Rc1 O-O 9. Bd3 Nf5 10. Qe2 dxc4 11. Bxc4 Bxc4 12. Qxc4 Bxc3 13. Rxc3 Qd5 14. Qxd5 exd5 15. O-O h6 16. Rfc1 a5 17. g4 Ne7 18. Nh4 f5 19. g5 Kh7 20. gxh6 gxh6 21. Rh3 f4 22. Rcc3 Na6 23. Rcf3 c5 24. Bxf4 cxd4 25. Bxh6 Kxh6 26. Rfg3 1-0

[Event "Quebec op"]
[Site "Montreal CAN"]
[Date "1994.07.26"]
[Round "4"]
[White "Barbeau, Sylvain"]
[Black "Lesiege, Alexandre"]
[Result "1/2-1/2"]
[WhiteElo "2428"]
[BlackElo "2490"]
[WhiteFideId "-1"]
[WhiteFideId "-1"]
[PlyCount "68"]
[GameId "2160767912202260"]
[EventDate "1994.07.23"]
[EventType "swiss"]
[EventRounds "8"]
[EventCountry "CAN"]
[SourceTitle "EXT 94op"]

1. e4 c5 2. Nc3 Nc6 3. g3 g6 4. Bg2 Bg7 5. d3 d6 6. Be3 e5 7. Qd2 Nge7 8. h4 h5 9. Nh3 Nd4 10. f4 exf4 11. Nxf4 O-O 12. O-O Nec6 13. Nfd5 Ne5 14. Bxd4 cxd4 15. Ne2 Ng4 16. Rf3 Be6 17. Nef4 Bh6 18. Qb4 Rc8 19. Qxb7 Bxd5 20. Nxd5 Rxc2 21. Raf1 Ne5 22. Rf6 Qa5 23. Qb3 Re2 24. Nb4 Re3 25. Nc6 Qb6 26. Qxb6 axb6 27. Nxe5 dxe5 28. R1f3 Re2 29. Bh3 Rxb2 30. Rxf7 Be3+ 31. Kf1 Rxf7 32. Be6 Rb1+ 33. Ke2 Rb2+ 34. Kf1 Rb1+ 1/2-1/2

[Event "Quebec op"]
[Site "Montreal CAN"]
[Date "1994.07.27"]
[Round "5"]
[White "Lesiege, Alexandre"]
[Black "Ross, Dave"]
[Result "1-0"]
[WhiteElo "2490"]
[BlackElo "2342"]
[WhiteFideId "-1"]
[WhiteFideId "-1"]
[PlyCount "35"]
[GameId "2160767912202280"]
[EventDate "1994.07.23"]
[EventType "swiss"]
[EventRounds "8"]
[EventCountry "CAN"]
[SourceTitle "EXT 94op"]

1. c4 f5 2. Nc3 Nf6 3. d4 g6 4. g3 Bg7 5. Bg2 O-O 6. Nf3 d6 7. O-O Qe8 8. Re1 Qf7 9. b3 Ne4 10. Bb2 Nc6 11. Rc1 Nxc3 12. Bxc3 e5 13. dxe5 dxe5 14. Qd5 e4 15. Ng5 Qxd5 16. cxd5 Ne5 17. f4 exf3 18. exf3 1-0

[Event "Quebec op"]
[Site "Montreal CAN"]
[Date "1994.07.28"]
[Round "6"]
[White "Hebert, Jean"]
[Black "Lesiege, Alexandre"]
[Result "1/2-1/2"]
[WhiteElo "2484"]
[BlackElo "2490"]
[WhiteFideId "-1"]
[WhiteFideId "-1"]
[PlyCount "47"]
[GameId "2160767912202296"]
[EventDate "1994.07.23"]
[EventType "swiss"]
[EventRounds "8"]
[EventCountry "CAN"]
[SourceTitle "EXT 94op"]

1. d4 d5 2. c4 e6 3. Nc3 c6 4. e3 Nf6 5. Nf3 Nbd7 6. Qc2 Bd6 7. Be2 O-O 8. O-O Qe7 9. Rd1 Re8 10. e4 dxe4 11. Nxe4 Nxe4 12. Qxe4 e5 13. Bg5 f6 14. Be3 exd4 15. Qxe7 Bxe7 16. Nxd4 Nc5 17. Bf3 a5 18. b3 Bd7 19. a3 Bf8 20. b4 axb4 21. axb4 Rxa1 22. Rxa1 Nd3 23. b5 Ne5 24. Be2 1/2-1/2

[Event "Quebec op"]
[Site "Montreal CAN"]
[Date "1994.07.29"]
[Round "7"]
[White "Lesiege, Alexandre"]
[Black "Levtchouk, George"]
[Result "1-0"]
[WhiteElo "2490"]
[BlackElo "2305"]
[WhiteFideId "-1"]
[WhiteFideId "-1"]
[PlyCount "85"]
[GameId "2160767912202316"]
[EventDate "1994.07.23"]
[EventType "swiss"]
[EventRounds "8"]
[EventCountry "CAN"]
[SourceTitle "EXT 94op"]

1. d4 g6 2. c4 Bg7 3. e4 d6 4. Nc3 Nf6 5. Nf3 O-O 6. h3 e5 7. d5 a5 8. Be3 Na6 9. g4 Qe8 10. Nd2 Kh8 11. f3 Bd7 12. h4 h5 13. Bh3 Qc8 14. Rg1 Nh7 15. Qe2 Bf6 16. Bf2 g5 17. Nf1 gxh4 18. Ne3 Rg8 19. Nf5 Bxf5 20. exf5 Ng5 21. Bxh4 Nc5 22. O-O-O Qd8 23. Rh1 Rg7 24. Rh2 Rh7 25. Rdh1 Kg7 26. gxh5 Kh8 27. Bf1 Qe7 28. Rg1 Rg8 29. Rhg2 Rgg7 30. f4 Nge4 31. Nxe4 Nxe4 32. h6 Rxg2 33. Qxg2 Qd8 34. Bxf6+ Nxf6 35. fxe5 dxe5 36. Qg5 b6 37. Be2 Qe7 38. Bh5 Qd6 39. Bg6 fxg6 40. fxg6 Rd7 41. g7+ Kg8 42. Qxf6 Qxf6 43. h7+ 1-0

[Event "Groupe Commerce"]
[Site "Thetford Mines CAN"]
[Date "1994.07.02"]
[Round "2"]
[White "Lesiege, Alexandre"]
[Black "Pohl, Klaus"]
[Result "1-0"]
[WhiteElo "2495"]
[BlackElo "2068"]
[WhiteFideId "-1"]
[WhiteFideId "-1"]
[PlyCount "61"]
[GameId "2160767912210762"]
[EventDate "1994.07.01"]
[EventType "swiss"]
[EventRounds "5"]
[EventCountry "CAN"]
[SourceTitle "EXT 2022"]
[Source "ChessBase"]
[SourceDate "2021.10.06"]
[SourceVersion "1"]
[SourceVersionDate "2021.10.06"]
[SourceQuality "1"]

1. d4 Nf6 2. c4 g6 3. Nf3 Bg7 4. g3 O-O 5. Bg2 d6 6. O-O Nbd7 7. Nc3 e5 8. e4 h6 9. h3 Nh7 10. Be3 Ng5 11. Nxg5 hxg5 12. Qd2 exd4 13. Bxd4 Ne5 14. f4 gxf4 15. gxf4 c5 16. Bxe5 dxe5 17. Nd5 exf4 18. Qxf4 Be6 19. e5 Bxd5 20. Bxd5 Qe7 21. Rae1 Rae8 22. e6 f5 23. Re2 Kh7 24. Rg2 b6 25. Kh1 Bd4 26. h4 Qf6 27. h5 Be5 28. Qg5 Qxg5 29. Rxg5 gxh5 30. Rfg1 Kh6 31. Bf3 1-0